000 00444nam a22001817a 4500
003 MPLRDC
005 20220104154332.0
008 210129b ||||| |||| 00| 0 eng d
082 _a857.9 DGH-64 v.1
100 _a独孤红
245 _a英雄儿女. 上册
_c
250 _a初版
260 _a
_b汉麟出版社
_c1980
300 _b
490 _a独孤红小说专辑九
650 _a武侠小说
942 _cBK
_o857.9 DGH-64 v.1
999 _c53926
_d53916